Catálogo
 En Linea

Recomendaciones provisionales para el análisis sismico de estructuras : (Registro nro. 50308)

Detalles MARC
000 -CABECERA
campo de control de longitud fija 00734nam a2200181 4500
003 - IDENTIFICADOR DEL NÚMERO DE CONTROL
campo de control DO-SdBNP
005 - FECHA Y HORA DE LA ÚLTIMA TRANSACCIÓN
campo de control 20210827153638.0
007 - CAMPO FIJO DE DESCRIPCIÓN FÍSICA--INFORMACIÓN GENERAL
campo de control de longitud fija ta
008 - DATOS DE LONGITUD FIJA--INFORMACIÓN GENERAL
campo de control de longitud fija 210827b1981 a|||| |||| 00| 0 spa
040 ## - FUENTE DE LA CATALOGACIÓN
Centro catalogador/agencia de origen DO-SdBNP
Lengua de catalogación spa
Centro/agencia transcriptor BNPHU
082 #4 - NÚMERO DE LA CLASIFICACIÓN DECIMAL DEWEY
Número de edición 22
Número de clasificación 693.852
Número de documento/Ítem R426r
110 ## - ENTRADA PRINCIPAL--NOMBRE DE ENTIDAD CORPORATIVA
9 (RLIN) 11709
Nombre de entidad corporativa o nombre de jurisdicción como elemento de entrada República Dominicana. Secretaría de Estado de Obras Públicas;
Unidad subordinada M- 006 Departamento de Reglamentos y sistemas DGRS.
245 01 - MENCIÓN DE TÍTULO
Título Recomendaciones provisionales para el análisis sismico de estructuras :
Resto del título ejemplos de aplicación /
Mención de responsabilidad, etc. Secretaría de Estado de Obras Públicas
300 ## - DESCRIPCIÓN FÍSICA
Extensión 43 p. :
Otras características físicas il.:
Dimensiones 27 cm.
590 ## - NOTA LOCAL (RLIN)
Nota local Inventariado, 2021 /SA
650 #4 - PUNTO DE ACCESO ADICIONAL DE MATERIA--TÉRMINO DE MATERIA
Término de materia o nombre geográfico como elemento de entrada Análisis sismico
Subdivisión de forma Estructura
Subdivisión general Edificio
Subdivisión geográfica República Dominicana
9 (RLIN) 79617
942 ## - ELEMENTOS DE PUNTO DE ACCESO ADICIONAL (KOHA)
Fuente del sistema de clasificación o colocación Dewey Decimal Classification
Tipo de ítem Koha Folleto
Existencias
Estado de retiro Estado de pérdida Fuente del sistema de clasificación o colocación Restricciones de uso No para préstamo Código de colección Localización permanente Ubicación/localización actual Ubicación en estantería Fecha de adquisición Fuente de adquisición Total de préstamos Signatura topográfica completa Código de barras Fecha visto por última vez Precio válido a partir de Tipo de ítem Koha Nota pública
    Dewey Decimal Classification Excluido de préstamo   Dominicana Folletos Biblioteca Nacional Pedro Henríquez Ureña Patrimonio Dominicano En catalogación 04.07.2018 Donado   BNPHU PD 693.852 R426r 2021-25786 27.08.2021 27.08.2021 Folleto S/A

Con tecnología Koha